| 000 | 00958nam a2200229Ia 4500 | ||
|---|---|---|---|
| 001 | L242-14175 | ||
| 003 | IT-CnALBA | ||
| 008 | 170116s9999||||xx |||||||||||||| ||und|| | ||
| 040 |
_aIT-CnALBA _cIT-CnALBA |
||
| 041 | _aITALIANO | ||
| 100 | _aCARRETTO FRATEL CARLO. | ||
| 245 | 0 | _aE DIO VIDE CHE ERA COSA BUONA. | |
| 250 | _a1a ed. | ||
| 260 |
_aROMA _bAVE, ANONIMA VERITA'S EDITRICE _c1988 [1° Ed.:1988 - Ed.Ling.Originale: 1988] |
||
| 300 | _a160 p. (prefazione: 5) | ||
| 500 | _aPAROLA DI DIO E CREAZIONE. IL FIGLIO GESÙ. COMPASSIONE. INTIMITÀ DIVINA. IL FIGLIOL PRODIGO. DROGATO. APOCALISSE. SATANA. | ||
| 501 | _aSocietà San Paolo EM - Piazza San Paolo, 14 - 12051 ALBA (CN) (non commercial uses only) ® Copyright 2017 | ||
| 520 | _aPAROLA DI DIO E CREAZIONE. IL FIGLIO GESÙ. COMPASSIONE. INTIMITÀ DIVINA. IL FIGLIOL PRODIGO. DROGATO. APOCALISSE. SATANA. | ||
| 650 | _aMEDITAZIONI E PREGHIERA | ||
| 942 | _cBK | ||
| 957 | _71 | ||
| 999 |
_a18927 _bNO _g Copie: 1 _c273350 _d273350 |
||